[Event "EU-ch Blitz"]
[Site "Katowice"]
[Date "2022.12.16"]
[Round "21"]
[White "Hrebenshchykova, Yelyzaveta"]
[Black "Pacl, Vaclav"]
[Result "1-0"]
[WhiteElo "2289"]
[BlackElo "2015"]
[PlyCount "83"]
[EventDate "2022.12.16"]
[EventType "swiss (blitz)"]
[EventRounds "22"]
[EventCountry "POL"]
[SourceTitle "CBM 211 Extra"]
[Source "ChessBase"]
[SourceDate "2023.01.31"]
[SourceVersion "1"]
[SourceVersionDate "2023.01.31"]
[SourceQuality "1"]

1. e4 d6 2. d4 Nf6 3. Nc3 g6 4. Nf3 Bg7 5. h3 0-0 6. Be3 c6 7. a4 a5 8. Be2 Na6 9. 0-0 Nb4 10. Nd2 Qc7 11. f4 e6 12. Ncb1 b6 13. c3 Na6 14. Na3 Qe7 15. Bd3 c5 16. Nb5 Bb7 17. Qe2 Nc7 18. Nxd6 Qxd6 19. e5 Qe7 20. exf6 Bxf6 21. dxc5 bxc5 22. Ne4 Bxe4 23. Bxe4 Rad8 24. Qf2 Na6 25. Rad1 Rc8 26. Qf3 Rb8 27. Bd3 Nc7 28. Qf2 Rfc8 29. Bxc5 Qe8 30. b4 Nd5 31. Bb5 Rxb5 32. axb5 Qxb5 33. Bd4 Be7 34. bxa5 Qxa5 35. Rc1 Rc4 36. Qe2 Qc7 37. Qf3 Ba3 38. Rb1 Nxc3 39. Be5 Qc5+ 40. Kh1 Bb4 41. Ra1 Ba5 42. Qa8+ 1-0

[Event "Pardubice rapid op 33rd"]
[Site "Pardubice"]
[Date "2022.07.21"]
[Round "8"]
[White "Pacl, Vaclav"]
[Black "Tichy, Stepan"]
[Result "0-1"]
[WhiteElo "2036"]
[BlackElo "2207"]
[PlyCount "96"]
[EventDate "2022.07.20"]
[EventType "swiss (rapid)"]
[EventRounds "9"]
[EventCountry "CZE"]
[SourceTitle "CBM 209 Extra"]
[Source "ChessBase"]
[SourceDate "2022.09.30"]
[SourceVersion "1"]
[SourceVersionDate "2022.09.30"]
[SourceQuality "1"]

1. Nf3 d5 2. b3 Bf5 3. Bb2 e6 4. g3 Nf6 5. Bg2 Be7 6. 0-0 0-0 7. d3 c5 8. e3 Nc6 9. Qe2 h6 10. Nbd2 Bh7 11. a3 Qc7 12. Rfd1 Rad8 13. Rac1 e5 14. c4 d4 15. exd4 exd4 16. Ne4 Rfe8 17. Nfd2 Nxe4 18. Bxe4 Bxe4 19. Qxe4 Bg5 20. Qf5 g6 21. Qh3 Ne5 22. f4 Nxd3 23. fxg5 Nxb2 24. Rf1 hxg5 25. Nf3 f6 26. Rc2 Nd3 27. Rd2 Re3 28. Nxg5 fxg5 29. Rxd3 Qd7 30. Qh6 Qe6 31. Qxg5 Rd6 32. Rdd1 Re2 33. Qf4 Qe3+ 34. Kh1 Qxf4 35. Rxf4 Rde6 36. b4 b6 37. bxc5 bxc5 38. Rdf1 Re1 39. Rf8+ Kg7 40. R8f7+ Kh6 41. Rxe1 Rxe1+ 42. Kg2 Rc1 43. Rxa7 Rxc4 44. a4 d3 45. Kf2 Rc2+ 46. Ke3 c4 47. a5 Re2+ 48. Kd4 d2 0-1

[Event "CZE-chT2F 2122"]
[Site "Czech Republic"]
[Date "2022.01.30"]
[Round "7.4"]
[White "Cupek, Martin"]
[Black "Pacl, Vaclav"]
[Result "1/2-1/2"]
[WhiteElo "2108"]
[BlackElo "2018"]
[PlyCount "38"]
[EventDate "2021.10.17"]
[EventType "team-tourn"]
[EventRounds "11"]
[EventCountry "CZE"]
[SourceTitle "EXT 2024"]
[Source "ChessBase"]
[SourceDate "2023.10.10"]
[SourceVersion "1"]
[SourceVersionDate "2023.10.10"]
[SourceQuality "1"]
[WhiteTeam "Trinec II"]
[BlackTeam "Havirov Slovan"]
[WhiteTeamCountry "CZE"]
[BlackTeamCountry "CZE"]

1. g4 e5 2. Bg2 Bc5 3. e3 Nc6 4. c3 d6 5. d4 Bb6 6. Bxc6+ bxc6 7. dxe5 dxe5 8. Qxd8+ Kxd8 9. Nf3 f6 10. g5 Ne7 11. Rg1 Ke8 12. b3 Kf7 13. c4 Bb7 14. Ba3 c5 15. Ke2 Nc6 16. gxf6 gxf6 17. Nc3 Nb4 18. Rad1 Rad8 19. Nh4 Rxd1 1/2-1/2

[Event "CZE-chT2F 2122"]
[Site "Czech Republic"]
[Date "2021.12.19"]
[Round "5.5"]
[White "Pacl, Vaclav"]
[Black "Kucera, Tomas2222"]
[Result "1/2-1/2"]
[WhiteElo "2021"]
[BlackElo "1906"]
[PlyCount "71"]
[EventDate "2021.10.17"]
[EventType "team-tourn"]
[EventRounds "11"]
[EventCountry "CZE"]
[SourceTitle "EXT 2024"]
[Source "ChessBase"]
[SourceDate "2023.10.10"]
[SourceVersion "1"]
[SourceVersionDate "2023.10.10"]
[SourceQuality "1"]
[WhiteTeam "Havirov Slovan"]
[BlackTeam "Dolni Benesov"]
[WhiteTeamCountry "CZE"]
[BlackTeamCountry "CZE"]

1. Nf3 Nf6 2. c4 g6 3. b3 Bg7 4. Bb2 0-0 5. g3 d6 6. d4 c5 7. Bg2 Nc6 8. dxc5 dxc5 9. 0-0 Qc7 10. Nc3 Rd8 11. Qc1 a6 12. Qf4 Qxf4 13. gxf4 Bf5 14. Na4 Nd7 15. Bxg7 Kxg7 16. Nh4 Rac8 17. Nxf5+ gxf5 18. Rfd1 b5 19. cxb5 axb5 20. Nc3 Na7 21. a4 b4 22. Nd5 e6 23. Ne3 Nc6 24. Bxc6 Rxc6 25. Rd2 Kf6 26. Rad1 Rg8+ 27. Kf1 Nb6 28. a5 Nd5 29. Nxd5+ exd5 30. Rxd5 Ra8 31. Re5 Rxa5 32. Rdd5 Ra1+ 33. Kg2 c4 34. Rxf5+ Kg6 35. Rg5+ Kf6 36. Rgf5+ 1/2-1/2

[Event "CZE-chT2F 2122"]
[Site "Czech Republic"]
[Date "2021.10.17"]
[Round "1.6"]
[White "Poloch, Petr"]
[Black "Pacl, Vaclav"]
[Result "1/2-1/2"]
[WhiteElo "2276"]
[BlackElo "2013"]
[PlyCount "30"]
[EventDate "2021.10.17"]
[EventType "team-tourn"]
[EventRounds "11"]
[EventCountry "CZE"]
[SourceTitle "EXT 2024"]
[Source "ChessBase"]
[SourceDate "2023.10.10"]
[SourceVersion "1"]
[SourceVersionDate "2023.10.10"]
[SourceQuality "1"]
[WhiteTeam "Karvina"]
[BlackTeam "Havirov Slovan"]
[WhiteTeamCountry "CZE"]
[BlackTeamCountry "CZE"]

1. c4 e5 2. Nc3 d6 3. Nf3 f5 4. d4 e4 5. Ng5 Nf6 6. Nh3 c6 7. Bg5 Na6 8. f3 Be7 9. Nf2 d5 10. e3 Nc7 11. Qb3 Rb8 12. Be2 Be6 13. 0-0 0-0 14. Rad1 exf3 15. gxf3 Nh5 1/2-1/2

[Event "EUR-chT Seniors 65"]
[Site "Prague"]
[Date "2021.09.03"]
[Round "5.1"]
[White "Pacl, Vaclav"]
[Black "Jurek, Josef"]
[Result "1/2-1/2"]
[WhiteElo "2015"]
[BlackElo "2208"]
[PlyCount "33"]
[EventDate "2021.08.30"]
[EventType "team-swiss"]
[EventRounds "9"]
[EventCountry "CZE"]
[SourceTitle "CBM 204 Extra"]
[Source "ChessBase"]
[SourceDate "2021.11.30"]
[SourceVersion "1"]
[SourceVersionDate "2021.11.30"]
[SourceQuality "1"]
[WhiteTeam "Plzen 64"]
[BlackTeam "Vysehrad SK Sokol 65"]
[WhiteTeamCountry "CZE"]
[BlackTeamCountry "CZE"]

1. Nf3 Nf6 2. c4 b6 3. g3 c5 4. Bg2 Bb7 5. Nc3 e6 6. 0-0 Be7 7. d4 cxd4 8. Qxd4 d6 9. Bg5 a6 10. Bxf6 Bxf6 11. Qf4 0-0 12. Rfd1 Be7 13. Ne4 Bxe4 14. Qxe4 Ra7 15. Nd4 Qc7 16. Rac1 Re8 17. b4 1/2-1/2

[Event "Prague Summer op-A 8th"]
[Site "Prague"]
[Date "2021.08.10"]
[Round "6"]
[White "Gimenez Menchon, Cesar"]
[Black "Pacl, Vaclav"]
[Result "1-0"]
[WhiteElo "2246"]
[BlackElo "2015"]
[PlyCount "97"]
[EventDate "2021.08.06"]
[EventType "swiss"]
[EventRounds "9"]
[EventCountry "CZE"]
[SourceTitle "CBM 203 Extra"]
[Source "ChessBase"]
[SourceDate "2021.09.30"]
[SourceVersion "1"]
[SourceVersionDate "2021.09.30"]
[SourceQuality "1"]

1. e4 d5 2. exd5 Qxd5 3. Nc3 Qd6 4. d4 Nf6 5. Nf3 c6 6. Bd3 Bg4 7. h3 Bh5 8. g4 Bg6 9. Ne5 Bxd3 10. Qxd3 Nbd7 11. Nc4 Qe6+ 12. Be3 Nb6 13. Nxb6 axb6 14. 0-0-0 0-0-0 15. d5 Nxd5 16. Bxb6 Rd7 17. Nxd5 cxd5 18. Qd4 Qh6+ 19. g5 Qc6 20. Qb4 e5 21. Qa5 Rd6 22. Bc5 Rd8 23. Bxf8 Rhxf8 24. Rd3 d4 25. Re1 f6 26. f4 fxg5 27. Rxe5 Kb8 28. Rc5 Qd6 29. Rxd4 Qxd4 30. Qc7+ Ka8 31. Ra5+ Qa7 32. Rxa7+ Kxa7 33. Qc5+ Ka8 34. Qa5+ Kb8 35. Qxg5 Rfe8 36. b3 g6 37. a4 Rc8 38. Qb5 Rc6 39. Kb2 Re3 40. h4 Rh3 41. Qe5+ Ka7 42. Qa5+ Kb8 43. c4 Re6 44. Qd8+ Ka7 45. a5 Rf3 46. Qd4+ Kb8 47. Ka3 h5 48. Ka4 Rg3 49. f5 1-0

[Event "Pardubice op rapid 32nd"]
[Site "Pardubice"]
[Date "2021.07.22"]
[Round "8"]
[White "Pacl, Vaclav"]
[Black "Sarkar, Justin"]
[Result "1/2-1/2"]
[WhiteElo "2006"]
[BlackElo "2338"]
[PlyCount "47"]
[EventDate "2021.07.21"]
[EventType "swiss (rapid)"]
[EventRounds "9"]
[EventCountry "CZE"]
[SourceTitle "CBM 203 Extra"]
[Source "ChessBase"]
[SourceDate "2021.09.30"]
[SourceVersion "1"]
[SourceVersionDate "2021.09.30"]
[SourceQuality "1"]

1. Nf3 g6 2. d4 Nf6 3. Bg5 Bg7 4. c3 0-0 5. Nbd2 d6 6. e3 Qe8 7. Be2 e5 8. Nc4 h6 9. Bh4 e4 10. Nfd2 b5 11. Na5 c6 12. c4 a6 13. 0-0 d5 14. cxb5 axb5 15. b4 Nfd7 16. a4 Nb6 17. axb5 cxb5 18. Bg3 Qd7 19. Ndb3 Na6 20. Nc5 Nxc5 21. bxc5 Nc4 22. Nb3 Bb7 23. Qc2 Bc6 24. Qc3 1/2-1/2

[Event "Prague op"]
[Site "Prague"]
[Date "2021.06.14"]
[Round "1"]
[White "Pacl, Vaclav"]
[Black "Neuman, Petr"]
[Result "0-1"]
[WhiteElo "2015"]
[BlackElo "2394"]
[PlyCount "74"]
[EventDate "2021.06.14"]
[EventType "swiss"]
[EventRounds "9"]
[EventCountry "CZE"]
[SourceTitle "CBM 203 Extra"]
[Source "ChessBase"]
[SourceDate "2021.09.30"]
[SourceVersion "1"]
[SourceVersionDate "2021.09.30"]
[SourceQuality "1"]

1. d4 Nf6 2. Nf3 g6 3. Nbd2 Bg7 4. e4 d6 5. c3 0-0 6. Be2 Nfd7 7. Nc4 b6 8. 0-0 Bb7 9. Qc2 e5 10. dxe5 dxe5 11. Rd1 Qe7 12. Ne3 Nf6 13. Nd5 Nxd5 14. exd5 Rd8 15. c4 c6 16. dxc6 Rxd1+ 17. Qxd1 Nxc6 18. Bg5 Qc7 19. Qd2 e4 20. Bf4 Qd8 21. Ng5 Qxd2 22. Bxd2 Rd8 23. Be3 Nd4 24. Bd1 h6 25. Nh3 Nf5 26. Bf4 Bxb2 27. Rb1 Bg7 28. g4 Nh4 29. Be2 Nf3+ 30. Kg2 Nd4 31. Ng1 e3+ 32. Kf1 exf2 33. Kxf2 Nxe2 34. Nxe2 Rc8 35. Rd1 Ba6 36. Rd7 Rxc4 37. Rxa7 Ra4 0-1

[Event "Pardubice Czech op-A 31st"]
[Site "Pardubice"]
[Date "2020.09.25"]
[Round "5"]
[White "Kueppers, Timo"]
[Black "Pacl, Vaclav"]
[Result "1/2-1/2"]
[WhiteElo "2277"]
[BlackElo "2007"]
[PlyCount "88"]
[EventDate "2020.09.21"]
[EventType "swiss"]
[EventRounds "9"]
[EventCountry "CZE"]
[SourceTitle "CBM 198 Extra"]
[Source "ChessBase"]
[SourceDate "2020.11.30"]
[SourceVersion "1"]
[SourceVersionDate "2020.11.30"]
[SourceQuality "1"]

1. Nf3 d5 2. d4 e6 3. c4 c5 4. cxd5 exd5 5. Nc3 Nc6 6. dxc5 d4 7. Na4 Bxc5 8. Nxc5 Qa5+ 9. Qd2 Qxc5 10. a3 a5 11. b4 Qb6 12. b5 Qxb5 13. Nxd4 Nxd4 14. Qxd4 Nf6 15. e4 Qc6 16. Qe5+ Kf8 17. Bd3 Be6 18. Be3 Ng4 19. Qc5+ Qxc5 20. Bxc5+ Kg8 21. 0-0 Ne5 22. Be2 a4 23. Rab1 Bb3 24. f4 Nc6 25. e5 h6 26. Bd3 g6 27. e6 fxe6 28. Bxg6 Kg7 29. Be4 Rhd8 30. Rf3 Kf7 31. Rh3 Kg7 32. Rg3+ Kf7 33. f5 e5 34. Rg6 Nd4 35. Rxh6 Ne2+ 36. Kf2 Nc3 37. Re1 Rd2+ 38. Ke3 Nxe4 39. Kxe4 Rxg2 40. Rh7+ Rg7 41. Rxg7+ Kxg7 42. Rg1+ Kf7 43. Bd6 Bc2+ 44. Ke3 Kf6 1/2-1/2

[Event "Pardubice Czech op-A 31st"]
[Site "Pardubice"]
[Date "2020.09.24"]
[Round "4"]
[White "Pacl, Vaclav"]
[Black "Sernecki, Franciszek"]
[Result "1/2-1/2"]
[WhiteElo "2007"]
[BlackElo "2248"]
[PlyCount "21"]
[EventDate "2020.09.21"]
[EventType "swiss"]
[EventRounds "9"]
[EventCountry "CZE"]
[SourceTitle "CBM 198 Extra"]
[Source "ChessBase"]
[SourceDate "2020.11.30"]
[SourceVersion "1"]
[SourceVersionDate "2020.11.30"]
[SourceQuality "1"]

1. Nf3 Nf6 2. b3 e6 3. Bb2 d5 4. e3 Bd6 5. c4 0-0 6. Nc3 c5 7. cxd5 exd5 8. Be2 Nc6 9. d4 a6 10. 0-0 Re8 11. Rc1 1/2-1/2

[Event "Plzen Calliditas op"]
[Site "Plzen"]
[Date "2020.08.23"]
[Round "1"]
[White "Macho, Miloslav"]
[Black "Pacl, Vaclav"]
[Result "1/2-1/2"]
[WhiteElo "1661"]
[BlackElo "2021"]
[PlyCount "95"]
[EventDate "2020.08.23"]
[EventType "swiss"]
[EventRounds "9"]
[EventCountry "CZE"]
[SourceTitle "CBM 198 Extra"]
[Source "ChessBase"]
[SourceDate "2020.11.30"]
[SourceVersion "1"]
[SourceVersionDate "2020.11.30"]
[SourceQuality "1"]

1. g3 d5 2. Nf3 c6 3. b3 Bf5 4. Bb2 e6 5. Bg2 h6 6. 0-0 Nf6 7. d3 Bc5 8. Nbd2 0-0 9. Bd4 Ba3 10. Nh4 Bh7 11. f4 c5 12. Bxf6 Qxf6 13. e4 Nc6 14. e5 Qe7 15. Rb1 Bb4 16. Nhf3 Bc3 17. Kh1 Kh8 18. Ng1 f6 19. exf6 Bxf6 20. Ndf3 e5 21. fxe5 Nxe5 22. Nxe5 Qxe5 23. Re1 Qd6 24. Ne2 Bg8 25. Nf4 Bc3 26. Rf1 Rad8 27. Qh5 Rf6 28. Ne2 Qe5 29. Qxe5 Bxe5 30. Rxf6 Bxf6 31. Nf4 b6 32. Re1 Bf7 33. Ne6 Rd6 34. Nf4 g5 35. Nh3 Kg7 36. Nf2 h5 37. Nd1 Kg6 38. Nf2 b5 39. g4 h4 40. Bf3 Ra6 41. Nd1 Rxa2 42. Ne3 d4 43. Be4+ Kg7 44. Nf5+ Kf8 45. Rf1 Ra6 46. Nh6 Rb6 47. Nxf7 Kxf7 48. Rf5 1/2-1/2

[Event "Prague Summer op 7th"]
[Site "Prague"]
[Date "2020.08.08"]
[Round "1"]
[White "Miedema, David"]
[Black "Pacl, Vaclav"]
[Result "1-0"]
[WhiteElo "2382"]
[BlackElo "2021"]
[PlyCount "85"]
[EventDate "2020.08.08"]
[EventType "swiss"]
[EventRounds "9"]
[EventCountry "CZE"]
[SourceTitle "CBM 197 Extra"]
[Source "ChessBase"]
[SourceDate "2020.09.30"]
[SourceVersion "1"]
[SourceVersionDate "2020.09.30"]
[SourceQuality "1"]

1. d4 e6 2. e4 d5 3. Nc3 Bb4 4. e5 Ne7 5. a3 Bxc3+ 6. bxc3 c5 7. Qg4 Nf5 8. Bd3 h5 9. Qf4 Qc7 10. Bd2 Nc6 11. Nf3 Nce7 12. Nh4 Nxh4 13. Qxh4 Bd7 14. Rb1 Ba4 15. dxc5 Qxe5+ 16. Kd1 Bc6 17. Re1 Qc7 18. Bf4 Qd7 19. Qg5 0-0 20. Qxh5 f5 21. Bd6 Rae8 22. Rb4 Rf6 23. Rh4 Ng6 24. Rh3 e5 25. Rg3 Qf7 26. Bxf5 Rxf5 27. Qxg6 Rxf2 28. Bxe5 Qxg6 29. Rxg6 Re7 30. Bd4 Rxe1+ 31. Kxe1 Rf7 32. h4 Re7+ 33. Kd2 Kh7 34. Rg5 g6 35. Be5 Rf7 36. Rg3 Rf1 37. Bb8 a6 38. Be5 Rf2+ 39. Ke3 Rxc2 40. Bd4 Ra2 41. Rf3 Rxg2 42. Rf8 g5 43. h5 1-0

[Event "WchT Seniors 65"]
[Site "Prague"]
[Date "2020.03.07"]
[Round "2.19"]
[White "Pacl, Vaclav"]
[Black "Becvar, Miroslav"]
[Result "1-0"]
[WhiteElo "2006"]
[BlackElo "1857"]
[PlyCount "95"]
[EventDate "2020.03.06"]
[EventType "team-swiss"]
[EventRounds "7"]
[EventCountry "CZE"]
[SourceTitle "CBM 195 Extra"]
[Source "ChessBase"]
[SourceDate "2020.05.31"]
[SourceVersion "1"]
[SourceVersionDate "2020.05.31"]
[SourceQuality "1"]
[WhiteTeam "Czech Republic 65 VI"]
[BlackTeam "Czech Republic 65 VIII"]
[WhiteTeamCountry "CZE"]
[BlackTeamCountry "CZE"]

1. Nf3 e6 2. c4 d5 3. e3 Nf6 4. Nc3 c6 5. b3 Be7 6. Bb2 b6 7. d4 Nbd7 8. Bd3 Bb7 9. 0-0 c5 10. Qe2 0-0 11. Rfd1 a6 12. Rac1 cxd4 13. exd4 Bd6 14. Ne5 h6 15. Re1 Bc7 16. Bb1 Re8 17. Rcd1 Nf8 18. Qf3 Rb8 19. Qh3 N6h7 20. Bc1 dxc4 21. bxc4 Bxe5 22. Rxe5 Rc8 23. Bd3 f5 24. Bf1 Ng6 25. Ree1 Ng5 26. Qh5 Qf6 27. Kh1 Rcd8 28. Na4 Ne4 29. Qe2 Bc6 30. f3 Bxa4 31. fxe4 Bxd1 32. Rxd1 fxe4 33. Qxe4 Ne7 34. Bb2 Qf5 35. Qe2 Rd7 36. g3 Rc8 37. Bg2 Rdc7 38. Be4 Qf7 39. Rf1 Qe8 40. Bd3 Nf5 41. Qe4 g6 42. Qe5 Kh7 43. g4 Qc6+ 44. d5 exd5 45. gxf5 d4+ 46. Be4 Re8 47. fxg6+ Kg8 48. Bd5+ 1-0

[Event "CZE-chT2F 1920"]
[Site "Czech Republic"]
[Date "2020.02.23"]
[Round "9.5"]
[White "Zimniok, Lubomir"]
[Black "Pacl, Vaclav"]
[Result "1-0"]
[WhiteElo "2053"]
[BlackElo "2041"]
[PlyCount "107"]
[EventDate "2019.10.13"]
[EventType "team-tourn"]
[EventRounds "11"]
[EventCountry "CZE"]
[SourceTitle "EXT 2024"]
[Source "ChessBase"]
[SourceDate "2023.10.10"]
[SourceVersion "1"]
[SourceVersionDate "2023.10.10"]
[SourceQuality "1"]
[WhiteTeam "Karvina"]
[BlackTeam "Havirov Slovan"]
[WhiteTeamCountry "CZE"]
[BlackTeamCountry "CZE"]

1. e4 d5 2. exd5 Qxd5 3. Nc3 Qd8 4. Bc4 Nf6 5. d3 a6 6. a4 c5 7. Nge2 Nc6 8. 0-0 e6 9. Ng3 Be7 10. Be3 0-0 11. Nce4 b6 12. f4 Nd5 13. Bd2 f5 14. Nc3 Bf6 15. Rb1 Kh8 16. Nh5 Bd4+ 17. Kh1 g6 18. Ng3 Bg7 19. Nce2 Bb7 20. Rf2 Qd6 21. Nf1 Rae8 22. Ne3 Nc7 23. Ba2 b5 24. axb5 axb5 25. Bc3 Nd4 26. b4 Nxe2 27. Bxg7+ Kxg7 28. Qxe2 cxb4 29. Qd2 Ra8 30. Bb3 Qd4 31. Nf1 Ra6 32. h3 Rfa8 33. Qe1 Ra1 34. Rxa1 Rxa1 35. Qe2 Kf6 36. Kh2 e5 37. fxe5+ Qxe5+ 38. Qxe5+ Kxe5 39. Re2+ Kf6 40. Nd2 Nd5 41. Nf3 Ra6 42. Re8 Ra8 43. Re1 Nf4 44. Kg3 g5 45. Nxg5 Nxd3 46. Nxh7+ Kg6 47. Re6+ Kxh7 48. Re7+ Kg6 49. Rxb7 Nc1 50. Rb6+ Kg7 51. Rxb5 Nxb3 52. cxb3 Kf6 53. Rxb4 Rd8 54. Kf4 1-0

[Event "Marianske Lazne op Seniors"]
[Site "Marianske Lazne"]
[Date "2020.01.22"]
[Round "6"]
[White "Paldus, Petr"]
[Black "Pacl, Vaclav"]
[Result "1-0"]
[WhiteElo "1958"]
[BlackElo "2042"]
[PlyCount "73"]
[EventDate "2020.01.18"]
[EventType "swiss"]
[EventRounds "9"]
[EventCountry "CZE"]
[SourceTitle "EXT 2022"]
[Source "ChessBase"]
[SourceDate "2021.10.06"]
[SourceVersion "1"]
[SourceVersionDate "2021.10.06"]
[SourceQuality "1"]

1. e4 d5 2. exd5 Qxd5 3. Qf3 Qe6+ 4. Qe3 Qg6 5. Nc3 c6 6. Qg3 Qe6+ 7. Be2 Nf6 8. Nf3 g6 9. Ng5 Qd7 10. Bc4 e6 11. d3 Bg7 12. Nge4 Nd5 13. Bh6 f5 14. Nd6+ Kd8 15. Nxd5 exd5 16. Bg5+ Kc7 17. Nxf5+ Kb6 18. Be3+ c5 19. Nxg7 dxc4 20. Qe5 Nc6 21. Qxc5+ Kc7 22. Bf4+ Kd8 23. Bg5+ Kc7 24. Bf4+ Kd8 25. Bh6 Qe7+ 26. Qxe7+ Kxe7 27. dxc4 Kf7 28. 0-0-0 Ne5 29. f3 a5 30. Rhe1 Nc6 31. Re4 Rd8 32. Rf4+ Kg8 33. Rxd8+ Nxd8 34. Ne8 Ne6 35. Re4 Ra6 36. Nf6+ Kf7 37. Nxh7 1-0

[Event "Marianske Lazne op Seniors"]
[Site "Marianske Lazne"]
[Date "2020.01.18"]
[Round "1"]
[White "Pacl, Vaclav"]
[Black "Pekarcik, Peter"]
[Result "1-0"]
[WhiteElo "2042"]
[BlackElo "1674"]
[PlyCount "71"]
[EventDate "2020.01.18"]
[EventType "swiss"]
[EventRounds "9"]
[EventCountry "CZE"]
[SourceTitle "EXT 2022"]
[Source "ChessBase"]
[SourceDate "2021.10.06"]
[SourceVersion "1"]
[SourceVersionDate "2021.10.06"]
[SourceQuality "1"]

1. Nf3 d5 2. e3 Nc6 3. Bb5 Nf6 4. b3 e6 5. Bb2 Bd6 6. c4 0-0 7. Nc3 Ne5 8. cxd5 exd5 9. Nxd5 Nfg4 10. Nc3 Nxf3+ 11. gxf3 Ne5 12. d4 Ng6 13. Qc2 Qf6 14. Be2 Nh4 15. Ne4 Bb4+ 16. Kd1 Qe7 17. a3 Bd6 18. Nxd6 cxd6 19. Rg1 g6 20. d5 Bd7 21. Qc3 f6 22. e4 Rac8 23. Qe3 f5 24. Qd4 Kf7 25. Rc1 g5 26. Rxc8 Bxc8 27. Qg7+ Ke8 28. Rxg5 Qxg7 29. Rxg7 fxe4 30. fxe4 Rxf2 31. Rxh7 Ng2 32. Bd4 Rf4 33. Bb5+ Kd8 34. Bxa7 Bg4+ 35. Kd2 Rf2+ 36. Bxf2 1-0

[Event "Prague op-B 19th"]
[Site "Prague"]
[Date "2020.01.11"]
[Round "2"]
[White "Hestholm, Gustav"]
[Black "Pacl, Vaclav"]
[Result "1/2-1/2"]
[WhiteElo "1641"]
[BlackElo "2042"]
[PlyCount "56"]
[EventDate "2020.01.10"]
[EventType "swiss"]
[EventRounds "9"]
[EventCountry "CZE"]
[SourceTitle "CBM 195 Extra"]
[Source "ChessBase"]
[SourceDate "2020.05.31"]
[SourceVersion "1"]
[SourceVersionDate "2020.05.31"]
[SourceQuality "1"]

1. e4 d5 2. exd5 Qxd5 3. Nc3 Qd8 4. d4 Nf6 5. Nf3 g6 6. Bc4 Bg7 7. 0-0 0-0 8. h3 a6 9. a4 Nc6 10. Be3 b6 11. Qd2 Bb7 12. Rad1 e6 13. Rfe1 Ne7 14. Ne5 Ned5 15. Bg5 Qd6 16. Bh4 Rfe8 17. Bg3 Qf8 18. Qe2 Nxc3 19. bxc3 Ne4 20. Rd3 Nd6 21. Bb3 Rac8 22. Nc4 Nxc4 23. Bxc4 c5 24. Rdd1 cxd4 25. Bxa6 Bxa6 26. Qxa6 Qc5 27. cxd4 Bxd4 28. Re2 Bf6 1/2-1/2

[Event "Kouty nad Desnou Losin Kapor op"]
[Site "Kouty nad Desnou"]
[Date "2019.12.14"]
[Round "7"]
[White "Vaculik, Jakub"]
[Black "Pacl, Vaclav"]
[Result "1-0"]
[WhiteElo "2139"]
[BlackElo "2030"]
[PlyCount "75"]
[EventDate "2019.12.14"]
[EventType "swiss (rapid)"]
[EventRounds "9"]
[EventCountry "CZE"]
[SourceTitle "CBM 193 Extra"]
[Source "ChessBase"]
[SourceDate "2020.01.31"]
[SourceVersion "1"]
[SourceVersionDate "2020.01.31"]
[SourceQuality "1"]

1. e4 d5 2. e5 c5 3. f4 Nc6 4. Nf3 Bg4 5. c3 e6 6. Bb5 Nge7 7. 0-0 a6 8. Ba4 b5 9. Bc2 Bf5 10. d4 Bxc2 11. Qxc2 cxd4 12. cxd4 Rc8 13. Qf2 Nf5 14. Be3 Nxe3 15. Qxe3 Nb4 16. Na3 Be7 17. Ne1 0-0 18. f5 exf5 19. Rxf5 Qd7 20. Rf3 Rc6 21. Nd3 Nxd3 22. Qxd3 Bxa3 23. Qxa3 Rc4 24. Rf4 Qa7 25. Rd1 Qb6 26. Qf3 Qe6 27. h4 Rc2 28. Qg3 Kh8 29. Rf2 Rfc8 30. Rdf1 Rxf2 31. Rxf2 Rc1+ 32. Kh2 Rc4 33. Qf4 Kg8 34. b3 Rc7 35. Qg5 Rc8 36. Rf6 Qe7 37. Rd6 Qb7 38. Rd8+ 1-0

[Event "Pardubice op rapid 30th"]
[Site "Pardubice"]
[Date "2019.07.17"]
[Round "3"]
[White "Pacl, Vaclav"]
[Black "Vlckova, Katerina"]
[Result "0-1"]
[WhiteElo "2059"]
[BlackElo "1972"]
[PlyCount "52"]
[EventDate "2019.07.17"]
[EventType "swiss (rapid)"]
[EventRounds "9"]
[EventCountry "CZE"]
[SourceTitle "CBM 191 Extra"]
[Source "ChessBase"]
[SourceDate "2019.09.30"]
[SourceVersion "1"]
[SourceVersionDate "2019.09.30"]
[SourceQuality "1"]

1. Nf3 Nf6 2. d4 g6 3. Nc3 d5 4. Bf4 Bg7 5. e3 0-0 6. Be2 b6 7. Ne5 Bb7 8. h4 c5 9. h5 Nc6 10. hxg6 fxg6 11. Bg4 Nxg4 12. Qxg4 Nxe5 13. dxe5 Qc8 14. Qh4 h5 15. Qxe7 d4 16. Nb5 dxe3 17. fxe3 Ba6 18. Nd6 Qg4 19. c4 Rad8 20. Rh4 Qd7 21. Qg5 Qa4 22. Qxg6 Qb4+ 23. Kf1 Bxc4+ 24. Kg1 Qxb2 25. Rb1 Qe2 26. Bh6 Qf2+ 0-1